Prueba de Castilla-La Mancha - Estadísticas

Estadísticas generales
  • Esta prueba ha sido intentada 2.799 veces
  • La puntuación promedio es 10 de 17
Estadísticas de respuestas
Pregunta Respuesta % Correcto
Capital de facto Toledo
97%
Este libro famoso tiene lugar en La Mancha Don Quijote de la Mancha
94%
Ciudad más poblada Albacete
88%
Centrocampista que nació en Fuentealbilla Andrés Iniesta
83%
Provincia del exclave Anchuras Ciudad Real
76%
Gentilicio Castellanomanchego
74%
Los grupos que se refieren en el nombre «la ciudad de las tres culturas» Cristianos
62%
Los grupos que se refieren en el nombre «la ciudad de las tres culturas» Judíos
61%
Los grupos que se refieren en el nombre «la ciudad de las tres culturas» Musulmanes
61%
Director de cine más famoso de la comunidad Pedro Almodóvar
59%
Esta cordillera separa Castilla-La Mancha con Andalucía Sierra Morena
53%
Pintor renacentista que vivía en esa capital la mayoría de su vida El Greco
52%
En la artesanía, suele considerarse Albacete como la capital de esto Cuchillería
38%
La villa de Brihuega es famosa por tener campos de esto Lavanda
32%
En Almagro se encuentra este modelo de teatro usado en el Siglo de Oro Corral de comedias
26%
Tambíén Albacete alberga el instituto militar más importante de esto Maestranza aérea
9%
Primer presidente de la Junta de Comunidades de Castilla-La Mancha Antonio Fernández-Galiano
4%
No se encontraron pruebas coincidentes
Distribución de puntuación
Porcentaje de gente con cada puntuación
Porcentaje por número respondido
Historial de tus puntuaciones
No has intentado esta prueba.